Państwa Europy według miast powyżej 100 tysięcy mieszkańców bez stolic - Statystyki

Ogólne statystyki
  • Ten quiz został rozwiązany 661 razy
  • Średni wynik to 22 z 43
Odpowiedzi na mapie
Odpowiedzi zakodowano w zielono-czerwonej skali na mapie do tego quizu, zgodnie z poniższymi procentami.
 
Statystyki odpowiedzi
Państwa Pasujące miasta % Poprawnych
Polska Kraków, Wrocław, Łódź, ...
99%
Hiszpania Barcelona, Sewilla, ...
96%
Niemcy Hamburg, Monachium, ...
96%
Włochy Mediolan, Turyn, Neapol, ...
95%
Wielka Brytania Liverpool, Manchester, ...
94%
Ukraina Lwów, Donieck, Charków, ...
93%
Rosja Petersburg, Wołgograd, ...
92%
Francja Marsylia, Nicea, Lyon, ...
91%
Portugalia Porto, Braga, Funchal, ...
83%
Holandia Rotterdam, Utrecht, ...
82%
Czechy Ostrawa, Brno, Liberec, ...
80%
Szwecja Göteborg, Malmö, ...
78%
Szwajcaria Zurych, Bazylea, Genewa, ...
77%
Grecja Saloniki, Larisa, Patras, ...
75%
Litwa Kowno, Kłajpeda, Szawle
71%
Austria Salzburg, Graz, Linz, ...
70%
Białoruś Grodno, Pińsk, Witebsk, ...
64%
Norwegia Bergen, Trondheim, ...
64%
Chorwacja Rijeka, Split
60%
Finlandia Tampere, Oulu, Turku, ...
56%
Slowacja Koszyce
54%
Belgia Antwerpia, Brugia, Gandawa, ...
52%
Bułgaria Płowdiw, Warna, Burgas, ...
49%
Irlandia Cork
49%
Dania Aalborg, Aarhus, Odense
45%
Rumunia Konstanca, Timiszoara, ...
44%
Serbia Nowy Sad, Kragujevac, Nisz
43%
Węgry Debreczyn, Segedyn, ...
38%
Slowenia Maribor
34%
Moldawia Tyraspol
32%
Estonia Tartu
25%
Łotwa Dyneburg
25%
Bośnia i Hercegowina Banja Luka
24%
Albania Durres
22%
Islandia Keflavik
11%
Czarnogóra Nikšić
7%
Kosowo Prizren
7%
Luksemburg Esch
7%
Macedonia Północna Kumanowo
6%
San Marino Serravalle
6%
Liechtenstein Schaan
5%
Andora Escaldes
2%
Malta Saint Paul
2%
Nie znaleziono quizów pasujących do podanych kryteriów
Rozkład punktacji
Procent ludzi z każdym wynikiem
Percentyl według liczby udzielonych odpowiedzi
Twoja historia wyników
Nie rozwiązałeś tego quizu